000 01990cam a2200313 4500500
005 20260329012630.0
041 _afre
042 _adc
100 1 0 _aThomas, Lyn
_eauthor
245 0 0 _aQui est « Annie Ernaux » ?
260 _c2026.
500 _a77
520 _aRésuméDans cet article sont analysées la construction du personnage de l’auteure et la représentation de l’acte créatif dans Mémoire de fille d’Annie Ernaux. J’avance, que dans ce texte, Ernaux, dont les interventions métatextuelles depuis La Place ont été le sujet de nombreuses analyses, envahit le texte de sa présence auctoriale avec une nouvelle intensité, engageant la lectrice et le lecteur autant dans la narration du processus de l’écriture que dans celle du trauma, mettant en question en même temps le mythe de l’écriture comme destin unique, émanant précisément de l’expérience du trauma.
520 _aIn this article I explore the construction of the author’s persona and the representation of the process of creativity in Annie Ernaux’s Mémoire de fille. I argue that in this text Ernaux, well known since the publication of La Place for her metatextual interventions, reaches a new intensity of authorial presence, engaging the reader as much in the narration of the writing process as in that of trauma, whilst simultaneously questioning the myth of writing as unique destiny, generated precisely by trauma.
690 _aAnnie Ernaux
690 _acréation littéraire
690 _alectrices et lecteurs
690 _aMémoire de fille
690 _aprésence auctoriale
690 _atrauma
690 _aAnnie Ernaux
690 _aauthorial presence
690 _aliterary creation
690 _aMémoire de fille
690 _areaders
690 _atrauma
786 0 _nRoman 20-50 | 79 | 1 | 2026-03-12 | p. 31-47 | 0295-5024
856 4 1 _uhttps://shs.cairn.info/revue-roman2050-2025-1-page-31?lang=fr&redirect-ssocas=7080
999 _c1872834
_d1872834